00000000nam 2200000zi 4500
0019.955181
003CaOODSP
00520251022145902
006m     o  d f      
007cr mn|||||||||
008250911t20252025oncd    ob   f000 0 fre d
020 |a9780660789255
040 |aCaOODSP|bfre|erda|cCaOODSP
043 |an-cn---
0861 |aFA1-27/2025-1-9F-PDF
1101 |aCanada. |bBureau du vérificateur général, |eauteur, |eorganisme de publication.
24513|aLe recrutement pour les forces militaires canadiennes : |brapport de l'auditeur indépendant.
264 1|a[Ottawa] : |bBureau du vérificateur général du Canada = Office of the Auditor General of Canada, |c2025.
264 4|c©2025
300 |a1 ressource en ligne (iv, 36 pages) : |bgraphiques.
336 |atexte|btxt|2rdacontent/fre
337 |ainformatique|bc|2rdamedia/fre
338 |aressource en ligne|bcr|2rdacarrier/fre
4901 |aRapports de la vérificatrice générale du Canada au Parlement du Canada, |x2561-3456
500 |aPublié aussi en anglais sous le titre : Recruiting for Canada's military : independent auditor's report.
504 |aComprend des références bibliographiques.
520 |a« Dans l’ensemble, les Forces armées canadiennes n’ont pas recruté ni formé suffisamment de personnes pour répondre à leurs besoins opérationnels. Alors que des milliers de candidates et de candidats postulaient chaque année, 1 personne sur 13 seulement était recrutée. Les Forces armées canadiennes ne savaient pas toujours pourquoi certaines personnes abandonnaient le processus de recrutement en cours de route. Nous avons constaté que les Forces armées canadiennes avaient du mal à attirer et à former un nombre suffisant de recrues hautement qualifiées pour maintenir les effectifs dont elles avaient besoin dans de nombreux groupes professionnels, comme les pilotes et les techniciennes et techniciens de munitions »--Survol, page iii.
61016|aCanada. |bForces armées canadiennes|xAudit.
650 6|aRecrutement des armées|xAudit.
77508|tRecruiting for Canada's military : |w(CaOODSP)9.955180
830#0|aRapports du vérificateur général du Canada au Parlement du Canada.|w(CaOODSP)9.846693
85640|qPDF|s1.39 Mo|uhttps://publications.gc.ca/collections/collection_2025/bvg-oag/FA1-27-2025-1-9-fra.pdf|z[Rapport]
8564 |qHTML|sS.O.|uhttps://www.oag-bvg.gc.ca/internet/Francais/parl_oag_202510_07_f_44723.html|z[Sommaire]